Абразивный износ как характеристика износостойкости дисперсионно-твердеющих режущих сплавов; Томский инженерно-строительный ин-т. Сборник научных трудов; Т. 9

Detaylı Bibliyografya
Parent link:Томский инженерно-строительный ин-т. Сборник научных трудов
Т. 9.— 1961.— С. 59-65
Yazar: Клементьев А. Д.
Dil:Rusça
Baskı/Yayın Bilgisi: 1961
Konular:
Materyal Türü: Kitap Bölümü
KOHA link:https://koha.lib.tpu.ru/cgi-bin/koha/opac-detail.pl?biblionumber=593379

MARC

LEADER 00000naa0a2200000 4500
001 593379
005 20241218115845.0
035 |a (RuTPU)RU\TPU\tpu\6609 
035 |a TPU00006612 
090 |a 593379 
100 |a 20011210d1961 k||y0rusy50 ca 
101 0 |a rus 
102 |a RU 
200 1 |a Абразивный износ как характеристика износостойкости дисперсионно-твердеющих режущих сплавов  |f А. Д. Клементьев 
461 |t Томский инженерно-строительный ин-т. Сборник научных трудов 
463 |t Т. 9  |v С. 59-65  |d 1961 
610 1 |a металловедение 
610 1 |a труды учёных ТПУ 
610 1 |a термическая обработка 
700 1 |a Клементьев  |b А. Д. 
801 0 |a RU  |b 63413507  |c 20011210  |g PSBO 
801 2 |a RU  |b 63413507  |c 20090127  |g PSBO 
942 |c CR